Sports Quiz

Random Sports or Hockey Quiz

NHL: Literally Quiz Stats

 Plays Quiz Updated Jul 8, 2021

Support Sporcle.
Go Orange.
Score 0/32 Timer 04:00
3 Plays Today
% Correct
Anaheim Ducks
95.5%
Pittsburgh Penguins
95.5%
New Jersey Devils
95.3%
San Jose Sharks
94.5%
Los Angeles Kings
94.1%
Tampa Bay Lightning
94%
Dallas Stars
93.7%
Toronto Maple Leafs
93%
Carolina Hurricanes
88.1%
Buffalo Sabres
86.6%
Columbus Blue Jackets
86.1%
Winnipeg Jets
85.6%
Calgary Flames
85.3%
Florida Panthers
84.4%
Arizona Coyotes
83.8%
New York Islanders
82.5%
% Correct
Seattle Kraken
79.5%
Colorado Avalanche
78.6%
St. Louis Blues
74.7%
Vegas Golden Knights
74.7%
Washington Capitals
68.3%
Nashville Predators
68.2%
Chicago Blackhawks
67.9%
Montreal Canadiens
67%
New York Rangers
66.7%
Detroit Red Wings
65.7%
Boston Bruins
63.5%
Minnesota Wild
55.6%
Edmonton Oilers
53.1%
Ottawa Senators
51.8%
Vancouver Canucks
46.6%
Philadelphia Flyers
38.1%

You're not logged in!

Compare scores with friends on all Sporcle quizzes.
OR
Log In
Forgot?

From the Vault

Job by Head Gear

by Hejman

Luckily, no one has to remain an orthodontics patient forever.
Remove Ads.
Support Sporcle.
Get the best of Sporcle when you Go Orange. This ad-free experience offers more features, more stats, and more fun while also helping to support Sporcle. Thank you for becoming a member.

Show Comments

Extras

Top Quizzes Today


Score Distribution

Your Account Isn't Verified!

In order to create a playlist on Sporcle, you need to verify the email address you used during registration. Go to your Sporcle Settings to finish the process.

Report this User

Report this user for behavior that violates our Community Guidelines.

Details: